|
|
|
|
| LEADER |
01029pam a2200277 a 4500 |
| 001 |
1427 |
| 003 |
BD-DhAAL |
| 005 |
20150427122045.0 |
| 008 |
150427s1993 ii ab b 001 0 eng |
| 010 |
|
|
|a 92032460
|
| 020 |
|
|
|a 8170363179 (India : hbk.)
|
| 020 |
|
|
|z 0803974591 (U.S. : hbk.)
|
| 040 |
|
|
|a DLC
|c DLC
|d DLC
|d BD-DhAAL
|
| 050 |
0 |
0 |
|a TC903
|b .S48 1993
|
| 082 |
0 |
0 |
|a 333.91/3/0954
|2 20
|
| 100 |
1 |
|
|a Sengupta, Nirmal,
|d 1946-
|9 10751
|
| 245 |
1 |
0 |
|a User-friendly irrigation designs /
|c Nirmal Sengupta.
|
| 260 |
|
|
|a New Delhi ;
|a Newbury Park :
|b Sage Publications,
|c 1993.
|
| 300 |
|
|
|a 147 p. :
|b ill., maps ;
|c 23 cm.
|
| 504 |
|
|
|a Includes bibliographical references (p. [137]-144) and index.
|
| 541 |
|
|
|e 1427
|
| 650 |
|
0 |
|a Irrigation
|z India.
|9 10709
|
| 650 |
|
0 |
|a Appropriate technology
|z India.
|9 10752
|
| 942 |
|
|
|2 ddc
|c BK
|
| 999 |
|
|
|c 34321
|d 34321
|
| 952 |
|
|
|0 0
|1 0
|2 ddc
|4 0
|6 333_913095400000000_SEN
|7 0
|9 53581
|a SCL
|b SCL
|c GEN
|d 2015-04-27
|e Gift: The Asia Foundation
|l 0
|o 333.9130954 SEN
|p 3020001427
|r 2015-04-27
|t 1
|w 2015-04-27
|y BK
|